Protocolo: proceso electoral costarricense accesible a las personas privadas de libertad

Tallennettuna:
Bibliografiset tiedot
Yhteisötekijä: Costa Rica. Tribunal Supremo de Elecciones
Aineistotyyppi: Teksti
Kieli:Spanish
Julkaistu: San José: Tribunal Supremo de Elecciones
Painos:2
Aiheet:
Tagit: Lisää tagi
Ei tageja, Lisää ensimmäinen tagi!

MARC

LEADER 00000 a a2200000 04500
001 35461
003 cru CIDCACS/IIS
005 20231030103554.0
008 170406b xxu||||| |||| 00| 0 spa d
020 |a 9968-907-24-3  
040 |c cru CIDCACS/IIS  |a cru CIDCACS/IIS 
090 |a 04.04.02 C837p  
110 |a Costa Rica. Tribunal Supremo de Elecciones  
245 |a Protocolo: proceso electoral costarricense accesible a las personas privadas de libertad  
250 |a 2  
260 |a San José:   |b Tribunal Supremo de Elecciones  
300 |a 123 p.   |b il.  
650 |a INSTITUCIONES PENALES  
650 |a VOTACION  
650 |a COSTA RICA  
942 |2 z  |c LI  |h 04.04.02 C837p   |6 040402_C837P 
999 |c 17629  |d 17629